000 00554nmm a2200157Ia 4500
008 251105s9999||||xx |||||||||||||||||und||
041 _aspa
100 _aHernández Jiménez, Norberto
245 0 _aDerecho penal de la cárcel: una mirada al contexto colombiano con base en el giro punitivo y la tendencia al mayor encarcelamiento
264 _a[Bogotá, Colombia] :
_bSiglo del hombre,
_c2018
300 _a384 páginas
490 _aJusticia y conflicto
650 _aLaw
856 _uhttps://public.digitaliapublishing.com/a/52084
942 _cCF
999 _c99678
_d99678